000
00315nam a22001337a 4500
003
OSt
008
150215b xxu||||| |||| 00| 0 eng d
100
1
_a
Engstrom, Victor E
020
_a
0-934984-02-6
041
_a
eng
050
0
0
_a
79-90046
245
1
0
_a
Danish West Indies Mails, 1754-1917 Volume 2
300
_a
0 pages
999
_c
994
_d
994